01007nam a2200205Ia 4500008004100000020001500041050002200056100004100078245016400119260006400283300001800347490005200365500005300417505016100470650003500631650004300666650002600709700003800735700002800773120626s2001 sp d 000 0 spa d a8476661142 aLA541 bG363 2001 aGarcía Garrido, José Luiseautor a Génesis, estructuras y tendencias de los sistemas educativos Iberoamericanos c/ José Luis, García Garrido: Gabriela, Ossenbach Sautel: Javier, M. Valle aMadridb: Organización de Estados Iberoamericanosc, 2001 a167 páginas aCuadernos de la OEI: Educación Comparadav: 3 aIncluye: Sumario, Presentación, Introducción aGénesis histórica de los sistemas educativos Estructura y organización de los sistemas educativos iberoamericanos Tendencia de presente y futuro  0aEDUCACIÓN xAMÉRICA LATINA 0aEDUCACIÓN Y ESTADOzAMÉRICA LATINA 0aEDUCACIÓNzESPAÑA aOssenbach Sauter, Gabrielaeautor aValle, Javier M.eautor